| 000 | 00613 a2200181 4500 | ||
|---|---|---|---|
| 020 | _a0815320515 | ||
| 020 | _a9780815320517 | ||
| 082 | _a536.7 | ||
| 090 |
_c1635 _d1635 |
||
| 100 | 1 | _aDill, Ken A. | |
| 245 | 1 | 0 |
_aMolecular driving forces : _bstatistical thermodynamics in chemistry & biology / _cKen A. Dill, Sarina Bromberg. |
| 250 | _a1st ed. | ||
| 260 |
_a[S.l.] : _bGarland Science, _c2003. |
||
| 300 |
_a686 p. ; _c27 cm. |
||
| 700 | 1 | _aBromberg, Sarina. | |
| 942 |
_aSNS _cBK _k536.7 |
||
| 999 |
_c30244 _d30244 |
||